| 000 | 00467nam a22001937a 4500 | ||
|---|---|---|---|
| 003 | OSt | ||
| 005 | 20180116183027.0 | ||
| 008 | 151215b xxu||||| |||| 00| 0 eng d | ||
| 020 | _a0 | ||
| 040 | _c0 | ||
| 082 | _a813.54 AAR 1968 | ||
| 100 | _aEdward S. Aarons | ||
| 245 | _aAssignment Nuclear Nude | ||
| 260 |
_aUSA _bFaeeett Publication _c1968 |
||
| 300 |
_a192 p. _bPB |
||
| 440 | _aAssignment Nuclear Nude | ||
| 600 | _aEdward S. Aarons | ||
| 942 |
_2ddc _cBK |
||
| 999 |
_c350836 _d350836 |
||